| 000 | 00400nam a22001337a 4500 | ||
|---|---|---|---|
| 082 |
_a297.7 _bMUB _cD |
||
| 100 |
_aMuhammad Bin Ibrahim Bin Abdul Latif _937467 |
||
| 245 |
_a قبے اور مزارات کى تعمير _cMuhammad Bin Ibrahim Bin Abdul Latif |
||
| 260 |
_aLahore. _bDaruslam. |
||
| 300 | _a90 P. | ||
| 526 |
_a0 _b0 _c0 _d297_700000000000000_MUB |
||
| 650 |
_aMCE _9379 |
||
| 942 |
_2ddc _cBK |
||
| 999 |
_c542333 _d542333 |
||